[Event "SUI-chT"]
[Site "Switzerland"]
[Date "2018.03.25"]
[Round "1.7"]
[White "Vianin, Pascal"]
[Black "Kaczmarczyk, Dennis"]
[Result "0-1"]
[WhiteElo "2113"]
[BlackElo "2432"]
[PlyCount "86"]
[EventDate "2018.03.25"]
[EventType "team-tourn"]
[EventRounds "9"]
[EventCountry "SUI"]
[SourceTitle "CBM 183 Extra"]
[Source "ChessBase"]
[SourceDate "2018.04.19"]
[SourceVersion "1"]
[SourceVersionDate "2018.04.19"]
[SourceQuality "1"]
[WhiteTeam "Echallens"]
[BlackTeam "Winterthur"]
[WhiteTeamCountry "SUI"]
[BlackTeamCountry "SUI"]

1. e4 e6 2. Qe2 Be7 3. Nf3 d5 4. d3 Nf6 5. g3 0-0 6. Bg2 c5 7. 0-0 b5 8. a4 b4 9. e5 Nfd7 10. c4 bxc3 11. bxc3 Nc6 12. Re1 Rb8 13. c4 dxc4 14. dxc4 Nd4 15. Nxd4 cxd4 16. Ba3 Nc5 17. Nd2 Ba6 18. h4 Qc7 19. h5 Rfd8 20. Qg4 h6 21. f4 Nb3 22. Ne4 Nxa1 23. Bd6 Bxd6 24. exd6 Rxd6 25. Nxd6 Qxd6 26. Rxa1 d3 27. Rd1 Qd4+ 28. Kh2 Bxc4 29. Rd2 Rb1 30. Qf3 Bd5 31. Qf2 Qxf2 32. Rxf2 Bc4 33. g4 Kf8 34. Kg3 Ke7 35. Kf3 Kd6 36. g5 Kc5 37. a5 Kd4 38. f5 exf5 39. gxh6 gxh6 40. Bh3 Bd5+ 41. Kf4 Be4 42. Bxf5 Bxf5 43. Kxf5 Ke3 0-1

[Event "SUI-chT"]
[Site "Switzerland"]
[Date "2015.04.26"]
[Round "3.6"]
[White "Vianin, Pascal"]
[Black "Thaler, Matthias"]
[Result "1/2-1/2"]
[WhiteElo "2222"]
[BlackElo "2211"]
[PlyCount "106"]
[EventDate "2015.03.29"]
[EventType "team-tourn"]
[EventRounds "9"]
[EventCountry "SUI"]
[SourceTitle "EXT 2016"]
[Source "ChessBase"]
[SourceDate "2015.10.08"]
[SourceVersion "1"]
[SourceVersionDate "2015.10.08"]
[SourceQuality "1"]
[WhiteTeam "Echallens"]
[BlackTeam "Bern Schwarz Weiss"]
[WhiteTeamCountry "SUI"]
[BlackTeamCountry "SUI"]

1. e4 d5 2. exd5 Qxd5 3. Nc3 Qd8 4. d4 Nf6 5. Nf3 c6 6. Bd3 Bg4 7. Be3 e6 8. h3 Bh5 9. 0-0 Nbd7 10. Re1 Bb4 11. a3 Be7 12. Be2 0-0 13. Ne5 Bxe2 14. Qxe2 Nd5 15. Nxd5 cxd5 16. Nxd7 Qxd7 17. Bf4 Rfc8 18. c3 b5 19. Qg4 a5 20. Be5 g6 21. h4 h5 22. Qf4 f6 23. Qh6 Qe8 24. Bg3 Bf8 25. Qe3 Kf7 26. Re2 Rc4 27. Rae1 Ra6 28. Ra1 Rac6 29. Ree1 Qd7 30. Rec1 Rc8 31. Bf4 Qc6 32. Qd2 Qb6 33. b3 R4c6 34. Qd3 Bg7 35. Bd2 Bf8 36. Re1 Bg7 37. Re3 f5 38. Rae1 b4 39. cxb4 axb4 40. Bxb4 Bxd4 41. R3e2 e5 42. Rd1 Rc1 43. Kh2 Rxd1 44. Qxd1 e4 45. g3 Ke6 46. Qd2 Bf6 47. f3 Qc6 48. fxe4 dxe4 49. Qh6 Kf7 50. Rd2 Rh8 51. Qf4 Re8 52. Qd6 Qxd6 53. Bxd6 g5 1/2-1/2

[Event "Basel op"]
[Site "Basel"]
[Date "2014.01.02"]
[Round "2"]
[White "Degtiarev, Evgeny"]
[Black "Vianin, Pascal"]
[Result "1/2-1/2"]
[WhiteElo "2437"]
[BlackElo "2199"]
[PlyCount "80"]
[EventDate "2014.01.01"]
[EventType "swiss"]
[EventRounds "7"]
[EventCountry "SUI"]
[SourceTitle "CBM 158 Extra"]
[Source "ChessBase"]
[SourceDate "2014.02.28"]
[SourceVersion "1"]
[SourceVersionDate "2014.02.28"]
[SourceQuality "1"]

1. d4 Nf6 2. c4 e6 3. Nc3 Bb4 4. e3 b6 5. f3 0-0 6. e4 Ba6 7. Bd2 c5 8. d5 exd5 9. cxd5 Bxf1 10. Kxf1 d6 11. Nh3 Nbd7 12. Nf2 Ne5 13. Qe2 Re8 14. f4 Ng6 15. Qf3 Qc8 16. g3 h5 17. h3 c4 18. Kg2 Bc5 19. Ncd1 Bd4 20. Bb4 Qd7 21. Re1 a5 22. Bc3 Bxc3 23. Nxc3 b5 24. Ne2 Qa7 25. Kf1 h4 26. g4 Nxd5 27. exd5 Re3 28. Qh1 Rae8 29. f5 Ne5 30. Ng1 Nd3 31. Nxd3 cxd3 32. Qg2 Qd4 33. Rxe3 Rxe3 34. Rd1 Rg3 35. Qf2 Qxd5 36. a3 Qc4 37. Ke1 Qe4+ 38. Kf1 Qc4 39. Ke1 Qe4+ 40. Kf1 Qc4 1/2-1/2

[Event "Martigny op 22nd"]
[Site "Martigny"]
[Date "2013.08.04"]
[Round "5"]
[White "Vianin, Pascal"]
[Black "Pavlovic, Milos"]
[Result "1/2-1/2"]
[WhiteElo "2203"]
[BlackElo "2511"]
[PlyCount "53"]
[EventDate "2013.08.02"]
[EventType "swiss"]
[EventRounds "7"]
[EventCountry "SUI"]
[SourceTitle "EXT 2017"]
[Source "ChessBase"]
[SourceDate "2016.10.25"]
[SourceVersion "1"]
[SourceVersionDate "2016.10.25"]
[SourceQuality "1"]

1. e4 c5 2. Nf3 d6 3. Bb5+ Bd7 4. Bxd7+ Nxd7 5. 0-0 Ngf6 6. Qe2 e6 7. d3 Be7 8. e5 dxe5 9. Nxe5 0-0 10. Nxd7 Qxd7 11. Nc3 Rac8 12. a4 Rfd8 13. b3 Ne8 14. Bb2 Nd6 15. Nb5 b6 16. Nxd6 Bxd6 17. Rfe1 Re8 18. Qg4 f5 19. Qf3 Qc6 20. Qxc6 Rxc6 21. Be5 g5 22. Re2 Kf7 23. Rae1 Bxe5 24. Rxe5 Kf6 25. f3 h5 26. Kf2 Rd6 27. g3 1/2-1/2

[Event "SUI-chT"]
[Site "Switzerland"]
[Date "2011.10.22"]
[Round "8.4"]
[White "Vianin, Pascal"]
[Black "Kaenel, Hansjuerg"]
[Result "0-1"]
[WhiteElo "2186"]
[BlackElo "2364"]
[PlyCount "80"]
[EventDate "2011.02.27"]
[EventType "team-tourn"]
[EventRounds "9"]
[EventCountry "SUI"]
[SourceTitle "EXT 2012"]
[Source "ChessBase"]
[SourceDate "2011.11.24"]
[SourceVersion "1"]
[SourceVersionDate "2011.11.24"]
[SourceQuality "1"]
[WhiteTeam "Echallens"]
[BlackTeam "Riehen"]
[WhiteTeamCountry "SUI"]
[BlackTeamCountry "SUI"]

1. e4 c5 2. Nf3 e6 3. Qe2 Nc6 4. g3 a6 5. Bg2 b5 6. 0-0 Bb7 7. a4 b4 8. b3 d6 9. Bb2 Nf6 10. d3 Be7 11. Nbd2 0-0 12. e5 Ne8 13. exd6 Nxd6 14. Nc4 Nf5 15. Ne3 Bf6 16. Bxf6 Qxf6 17. Nxf5 exf5 18. Qd2 Rfd8 19. Rae1 h6 20. h4 Nd4 21. Nxd4 Bxg2 22. Kxg2 Rxd4 23. Qe2 Rad8 24. Qf3 f4 25. Re4 Rxe4 26. Qxe4 Qc3 27. Rc1 fxg3 28. Kxg3 Qf6 29. Qf4 Qb2 30. Qe3 h5 31. f4 Rd6 32. f5 Rf6 33. Rf1 Qxc2 34. Rc1 Qxb3 35. Rxc5 Qd1 36. Rc4 b3 37. Qe8+ Kh7 38. Rc8 Qg4+ 39. Kh2 Qxh4+ 40. Kg2 Qg4+ 0-1

[Event "SUI-ch 111th"]
[Site "Leukerbad"]
[Date "2011.07.10"]
[Round "4"]
[White "Gerber, Richard"]
[Black "Vianin, Pascal"]
[Result "1-0"]
[WhiteElo "2381"]
[BlackElo "2202"]
[PlyCount "121"]
[EventDate "2011.07.07"]
[EventType "swiss"]
[EventRounds "9"]
[EventCountry "SUI"]
[SourceTitle "CBM 143 Extra"]
[Source "ChessBase"]
[SourceDate "2011.08.29"]
[SourceVersion "1"]
[SourceVersionDate "2011.08.29"]
[SourceQuality "1"]

1. Nf3 Nf6 2. c4 e6 3. g3 d5 4. Bg2 Be7 5. 0-0 0-0 6. d4 c6 7. Qc2 Nbd7 8. Nbd2 b6 9. e4 dxe4 10. Nxe4 Nxe4 11. Qxe4 Bb7 12. Rd1 Nf6 13. Qe2 Qc7 14. Bf4 Bd6 15. Ne5 Nd7 16. c5 Bxe5 17. Bxe5 Nxe5 18. dxe5 bxc5 19. Rd6 Rfd8 20. Rad1 Rxd6 21. exd6 Qb6 22. h4 h6 23. Qe5 Rd8 24. d7 Ba6 25. Bf1 Bxf1 26. Kxf1 c4 27. Rd6 Qb5 28. Qe2 c3 29. bxc3 Qxe2+ 30. Kxe2 Kf8 31. Kd3 Ke7 32. Rxc6 Rxd7+ 33. Kc2 Rb7 34. h5 Kf6 35. c4 Ke5 36. Kc3 Ke4 37. Rd6 Kf3 38. Rd2 g6 39. c5 gxh5 40. Kc4 Rc7 41. Kb5 f5 42. c6 f4 43. Kc5 e5 44. gxf4 exf4 45. Rd5 Kxf2 46. Rxh5 f3 47. Kd6 Rf7 48. c7 Rf8 49. Ke7 Rg8 50. Rxh6 Kg1 51. Kd7 f2 52. Rf6 Rg7+ 53. Kc6 Rg8 54. Kb7 f1Q 55. Rxf1+ Kxf1 56. Kxa7 Ke2 57. a4 Kd3 58. a5 Kc4 59. Kb7 Kd5 60. a6 Kd6 61. c8Q 1-0

[Event "SUI-chT"]
[Site "Switzerland"]
[Date "2011.05.08"]
[Round "4.2"]
[White "Vianin, Pascal"]
[Black "Kurmann, Oliver"]
[Result "0-1"]
[WhiteElo "2186"]
[BlackElo "2466"]
[PlyCount "58"]
[EventDate "2011.02.27"]
[EventType "team-tourn"]
[EventRounds "9"]
[EventCountry "SUI"]
[SourceTitle "EXT 2012"]
[Source "ChessBase"]
[SourceDate "2011.11.24"]
[SourceVersion "1"]
[SourceVersionDate "2011.11.24"]
[SourceQuality "1"]
[WhiteTeam "Echallens"]
[BlackTeam "Luzern"]
[WhiteTeamCountry "SUI"]
[BlackTeamCountry "SUI"]

1. e4 d6 2. d4 Nf6 3. Nc3 e5 4. dxe5 dxe5 5. Qxd8+ Kxd8 6. f4 Bb4 7. Bd2 exf4 8. Nge2 Re8 9. Bxf4 Bg4 10. 0-0-0+ Nbd7 11. e5 Nh5 12. g3 Bxc3 13. bxc3 h6 14. h4 Kc8 15. Rd4 c5 16. Rd3 Nxe5 17. Rd5 Nd7 18. Rh2 Nxf4 19. gxf4 Kc7 20. Rd2 Nb6 21. Ng3 Re3 22. Rdg2 Re1+ 23. Kd2 Rd1+ 24. Ke3 Nd5+ 25. Kf2 Nxf4 26. Rg1 Rd2+ 27. Ke3 Rxh2 28. Kxf4 Rxh4 29. Ne4 Bd7+ 0-1

[Event "SUI-chT"]
[Site "Switzerland"]
[Date "2011.04.17"]
[Round "3.1"]
[White "Vianin, Pascal"]
[Black "Bauer, Christian"]
[Result "0-1"]
[WhiteElo "2186"]
[BlackElo "2645"]
[PlyCount "80"]
[EventDate "2011.02.27"]
[EventType "team-tourn"]
[EventRounds "9"]
[EventCountry "SUI"]
[SourceTitle "CBM 141 Extra"]
[Source "ChessBase"]
[SourceDate "2011.05.03"]
[SourceVersion "1"]
[SourceVersionDate "2011.05.03"]
[SourceQuality "1"]
[WhiteTeam "Echallens"]
[BlackTeam "Zuerich"]
[WhiteTeamCountry "SUI"]
[BlackTeamCountry "SUI"]

1. e4 c5 2. Nf3 b6 3. d4 cxd4 4. Nxd4 Bb7 5. Nc3 a6 6. Bg5 Qc7 7. Qf3 e6 8. 0-0-0 d6 9. g4 Nd7 10. Qe2 h6 11. Bh4 g5 12. Bg3 Ngf6 13. h4 Rg8 14. hxg5 hxg5 15. f3 Ne5 16. Bf2 Rc8 17. Kb1 b5 18. Qd2 Nxf3 19. Nxf3 Nxe4 20. Nxe4 Bxe4 21. Be2 Qxc2+ 22. Ka1 Qxd2 23. Rxd2 d5 24. a3 b4 25. Bxa6 Bxf3 26. Rf1 Kd7 27. Bxc8+ Kxc8 28. Bd4 Be4 29. Rxf7 Bd6 30. axb4 Bf4 31. Rd1 e5 32. Bc5 d4 33. b3 Rh8 34. Kb2 Bd5 35. Rf8+ Rxf8 36. Bxf8 Bf3 37. Rg1 d3 38. Bc5 e4 39. Kc3 d2 40. Kc2 e3 0-1

[Event "Calvi Balagne op 07th"]
[Site "Calvi"]
[Date "2010.04.30"]
[Round "8"]
[White "Vianin, Pascal"]
[Black "Milov, Leonid"]
[Result "0-1"]
[WhiteElo "2218"]
[BlackElo "2556"]
[PlyCount "54"]
[EventDate "2010.04.25"]
[EventType "swiss"]
[EventRounds "9"]
[EventCountry "FRA"]
[SourceTitle "CBM 136 Extra"]
[Source "ChessBase"]
[SourceDate "2010.07.02"]
[SourceVersion "2"]
[SourceVersionDate "2010.07.15"]
[SourceQuality "1"]

1. e4 c5 2. Nf3 e6 3. Qe2 Nc6 4. g3 g5 5. h3 Bg7 6. Bg2 h6 7. c3 Nge7 8. 0-0 d5 9. d3 b6 10. Re1 Ba6 11. e5 Rc8 12. Qd1 d4 13. c4 Qd7 14. Nbd2 Bb7 15. Ne4 Nxe5 16. Nexg5 hxg5 17. Nxe5 Bxe5 18. Rxe5 f6 19. Re1 Bxg2 20. Kxg2 Qc6+ 21. Qf3 Qxf3+ 22. Kxf3 Kf7 23. Kg2 Nc6 24. a3 Ne5 25. Rd1 g4 26. h4 Nf3 27. b4 Rh5 0-1

[Event "Calvi Balagne op 07th"]
[Site "Calvi"]
[Date "2010.04.28"]
[Round "6"]
[White "Vianin, Pascal"]
[Black "Abbasov, Farid"]
[Result "0-1"]
[WhiteElo "2218"]
[BlackElo "2549"]
[PlyCount "102"]
[EventDate "2010.04.25"]
[EventType "swiss"]
[EventRounds "9"]
[EventCountry "FRA"]
[SourceTitle "CBM 136 Extra"]
[Source "ChessBase"]
[SourceDate "2010.07.02"]
[SourceVersion "2"]
[SourceVersionDate "2010.07.15"]
[SourceQuality "1"]

1. e4 g6 2. d4 Bg7 3. Nc3 d6 4. g3 Nd7 5. Bg2 Ngf6 6. Nge2 0-0 7. 0-0 Rb8 8. h3 c5 9. Be3 b6 10. Qd2 Re8 11. Rad1 cxd4 12. Nxd4 Bb7 13. Rfe1 a6 14. Nd5 e5 15. Nb3 Nxd5 16. exd5 f5 17. f4 Rc8 18. c3 e4 19. Qf2 b5 20. Rd2 Nf6 21. Red1 Qd7 22. Na5 Ba8 23. Bf1 Qc7 24. Nc6 Bxc6 25. dxc6 d5 26. a4 Qxc6 27. axb5 axb5 28. Qe2 Rb8 29. g4 Red8 30. Bd4 Ne8 31. gxf5 Bxd4+ 32. Rxd4 gxf5 33. Qg2+ Kh8 34. Qg5 Qe6 35. Kh2 Nf6 36. Be2 Rg8 37. Qh4 Rg6 38. Rg1 Rh6 39. Qe1 Ng4+ 40. Bxg4 fxg4 41. Rg3 Rxh3+ 42. Rxh3 gxh3 43. Qg3 Rg8 44. Qxh3 Qf6 45. f5 Qe5+ 46. Kh1 Qf4 47. Rd1 Rg4 48. Rf1 Qg5 49. Ra1 Rh4 50. Ra8+ Kg7 51. f6+ Kh6 0-1

[Event "Calvi Balagne op 07th"]
[Site "Calvi"]
[Date "2010.04.26"]
[Round "3"]
[White "Mekhitarian, Krikor Sevag"]
[Black "Vianin, Pascal"]
[Result "1-0"]
[WhiteElo "2490"]
[BlackElo "2218"]
[PlyCount "111"]
[EventDate "2010.04.25"]
[EventType "swiss"]
[EventRounds "9"]
[EventCountry "FRA"]
[SourceTitle "CBM 136 Extra"]
[Source "ChessBase"]
[SourceDate "2010.07.02"]
[SourceVersion "2"]
[SourceVersionDate "2010.07.15"]
[SourceQuality "1"]

1. e4 e5 2. Nf3 Nc6 3. Bb5 f5 4. Bxc6 dxc6 5. Nc3 Nf6 6. Qe2 Bd6 7. d3 0-0 8. exf5 Bxf5 9. Ng5 Qe7 10. Bd2 h6 11. Nge4 Nxe4 12. dxe4 Be6 13. 0-0 Qf7 14. b3 Qg6 15. Nd1 Bc5 16. Kh1 Rad8 17. f3 Bd4 18. Rb1 Rd7 19. Be3 Rfd8 20. Nf2 Bxe3 21. Qxe3 b6 22. Rbd1 Qe8 23. Qc3 Rd4 24. Rxd4 exd4 25. Qd2 c5 26. f4 c4 27. f5 Bf7 28. Qf4 d3 29. cxd3 cxd3 30. Rd1 Qc6 31. Qd2 Rd4 32. h3 Qd6 33. Re1 Qc6 34. Rc1 Qd6 35. Rc3 Qb4 36. Nxd3 c5 37. Nxb4 Rxd2 38. Nd3 Rxa2 39. e5 Bxb3 40. Rxb3 c4 41. Rc3 cxd3 42. Rxd3 Re2 43. e6 g6 44. g4 gxf5 45. gxf5 Re5 46. Kg2 Kf8 47. Rd8+ Ke7 48. Rd7+ Ke8 49. Rf7 a5 50. Kf3 a4 51. Kf4 Re1 52. Rb7 a3 53. Ra7 Rf1+ 54. Ke5 Kd8 55. Rxa3 Kc7 56. f6 1-0

[Event "Lausanne YM op 9th"]
[Site "Lausanne"]
[Date "2008.09.20"]
[Round "3"]
[White "Netzer, Jean"]
[Black "Vianin, Pascal"]
[Result "1/2-1/2"]
[WhiteElo "2362"]
[BlackElo "2162"]
[PlyCount "39"]
[EventDate "2008.09.19"]
[EventType "swiss"]
[EventRounds "7"]
[EventCountry "SUI"]
[SourceTitle "CBM 126 Extra"]
[Source "ChessBase"]
[SourceDate "2008.11.05"]
[SourceVersion "1"]
[SourceVersionDate "2008.11.05"]
[SourceQuality "1"]

1. e4 e5 2. Nf3 Nf6 3. Nxe5 d6 4. Nf3 Nxe4 5. Nc3 Nxc3 6. dxc3 Be7 7. Bf4 Nd7 8. Qd2 0-0 9. 0-0-0 Nc5 10. h3 Re8 11. Bd3 Nxd3+ 12. Qxd3 Be6 13. a3 Qd7 14. Nd4 Bf6 15. f3 Qa4 16. Qb5 Qxb5 17. Nxb5 Re7 18. Rhe1 a6 19. Nd4 Rae8 20. Nxe6 1/2-1/2

[Event "Lausanne op"]
[Site "Lausanne"]
[Date "2007.09.15"]
[Round "3"]
[White "Raetsky, Alexander"]
[Black "Vianin, Pascal"]
[Result "1-0"]
[WhiteElo "2423"]
[BlackElo "2186"]
[PlyCount "83"]
[EventDate "2007.09.14"]
[EventType "swiss"]
[EventRounds "7"]
[EventCountry "SUI"]
[SourceTitle "CBM 120 Extra"]
[Source "ChessBase"]
[SourceDate "2007.11.01"]
[SourceVersion "1"]
[SourceVersionDate "2007.11.01"]
[SourceQuality "1"]

1. d4 Nf6 2. c4 Nc6 3. Nf3 e6 4. g3 Bb4+ 5. Nbd2 d5 6. Bg2 0-0 7. Qc2 dxc4 8. Qxc4 Ne4 9. e3 Qd5 10. 0-0 Rd8 11. Qc2 Nxd2 12. Bxd2 Qa5 13. a3 Bxd2 14. Nxd2 Qh5 15. Rac1 Bd7 16. Rfe1 Rac8 17. Nb3 e5 18. Nc5 Bf5 19. Qd1 Qxd1 20. Rexd1 Na5 21. Nxb7 Nxb7 22. Bxb7 Rb8 23. Rxc7 Bg4 24. Rd2 f5 25. f3 Bh3 26. b4 Rd6 27. Kf2 Rbd8 28. d5 f4 29. exf4 exf4 30. Re2 Bd7 31. gxf4 Kf7 32. b5 Kf6 33. a4 Kf5 34. Re5+ Kxf4 35. Rh5 Bf5 36. Rxg7 Bg6 37. Rh4+ Kg5 38. Kg3 Kf6 39. Rc7 Ke5 40. Bc6 Rg8 41. Re7+ Kf6 42. Rxa7 1-0

[Event "Lausanne op"]
[Site "Lausanne"]
[Date "2004.09.19"]
[Round "5"]
[White "Ginsburg, Gennadij"]
[Black "Vianin, Pascal"]
[Result "1-0"]
[WhiteElo "2511"]
[BlackElo "2151"]
[PlyCount "49"]
[EventDate "2004.09.17"]
[EventType "swiss"]
[EventRounds "7"]
[EventCountry "SUI"]
[SourceTitle "CBM 102 Extra"]
[Source "ChessBase"]
[SourceDate "2004.11.03"]
[SourceVersion "1"]
[SourceVersionDate "2004.11.03"]
[SourceQuality "1"]

1. e4 e5 2. Nf3 Nf6 3. Nc3 Nc6 4. Bb5 Nd4 5. Ba4 c6 6. d3 d6 7. Nxd4 exd4 8. Ne2 Qa5+ 9. c3 dxc3 10. bxc3 Be7 11. Bc2 0-0 12. 0-0 Re8 13. f4 Qh5 14. Qe1 Bd8 15. f5 Ng4 16. h3 Ne5 17. d4 Nc4 18. Ng3 Qh4 19. Rf4 Qe7 20. f6 gxf6 21. Nh5 f5 22. Qg3+ Qg5 23. Rg4 fxg4 24. Bxg5 Bxg5 25. h4 1-0

[Event "Geneve op"]
[Site "Geneve"]
[Date "2003.04.27"]
[Round "6.12"]
[White "Vianin, Pascal"]
[Black "Carron, Julien"]
[Result "0-1"]
[WhiteElo "2129"]
[BlackElo "2296"]
[PlyCount "52"]
[EventDate "2003.04.24"]
[EventType "swiss"]
[EventRounds "7"]
[EventCountry "SUI"]
[SourceTitle "EXT 2004"]
[Source "ChessBase"]
[SourceDate "2003.11.25"]
[SourceVersion "1"]
[SourceVersionDate "2003.11.25"]
[SourceQuality "1"]

1. e4 c5 2. Nf3 Nc6 3. Bb5 e6 4. Bxc6 bxc6 5. d3 Qc7 6. 0-0 e5 7. Ne1 Nf6 8. f4 Be7 9. Na3 Ba6 10. b3 0-0 11. Kh1 Nxe4 12. Nf3 Nc3 13. Qe1 e4 14. Ng5 Rae8 15. Bb2 exd3 16. Bxc3 Bxg5 17. Qg3 Bh6 18. cxd3 f6 19. Nc4 d5 20. Ne3 Bxd3 21. Ng4 Bxf1 22. Nxh6+ Kh8 23. Rxf1 gxh6 24. Qh4 d4 25. Bd2 Re2 26. Qxh6 Qf7 0-1

[Event "Lausanne op"]
[Site "Lausanne"]
[Date "2003.??.??"]
[Round "1"]
[White "Vianin, Pascal"]
[Black "Wells, Peter K"]
[Result "1/2-1/2"]
[WhiteElo "2129"]
[BlackElo "2486"]
[PlyCount "71"]
[EventDate "2003.05.??"]
[EventType "swiss"]
[EventRounds "7"]
[EventCountry "SUI"]
[SourceTitle "EXT 2005"]
[Source "ChessBase"]
[SourceDate "2004.11.15"]
[SourceVersion "1"]
[SourceVersionDate "2004.11.15"]
[SourceQuality "1"]

1. e4 c5 2. Nf3 Nc6 3. Bb5 g6 4. 0-0 Bg7 5. Nc3 e5 6. Nd5 Nge7 7. c3 0-0 8. Re1 d6 9. d4 cxd4 10. Nxe7+ Qxe7 11. Bxc6 bxc6 12. cxd4 exd4 13. Nxd4 Bb7 14. Bf4 Rfe8 15. Qd2 Rad8 16. Rad1 f6 17. h3 Qf7 18. b3 a6 19. Qc2 c5 20. Nf3 Bf8 21. Nd2 f5 22. exf5 gxf5 23. Qc3 Qg6 24. Nf3 Re4 25. Nh4 Qh5 26. Qg3+ Kf7 27. f3 Be7 28. fxe4 Bxh4 29. Qf3 Qxf3 30. gxf3 Bxe1 31. Rxe1 Ke6 32. Kf2 fxe4 33. fxe4 Rg8 34. Rd1 d5 35. exd5+ Bxd5 36. Re1+ 1/2-1/2

[Event "Lausanne Master op"]
[Site "Lausanne"]
[Date "2000.06.01"]
[Round "2"]
[White "Vianin, Pascal"]
[Black "Jagstaidt, Patrick"]
[Result "1-0"]
[WhiteElo "2189"]
[BlackElo "2069"]
[PlyCount "65"]
[EventDate "2000.05.31"]
[EventType "swiss"]
[EventRounds "9"]
[EventCountry "SUI"]
[SourceTitle "CBM 076 Extra"]
[Source "ChessBase"]
[SourceDate "2000.07.11"]
[SourceVersion "1"]
[SourceVersionDate "2000.07.11"]
[SourceQuality "1"]

1. e4 e6 2. Qe2 c5 3. Nf3 Nc6 4. g3 Nge7 5. Bg2 g6 6. 0-0 Bg7 7. d3 d5 8. Re1 0-0 9. e5 Qc7 10. h4 h6 11. c3 Bd7 12. Bf4 Kh7 13. Nbd2 a5 14. Nf1 Ng8 15. N1h2 Rae8 16. d4 cxd4 17. cxd4 Qb6 18. Qd2 Rc8 19. a3 a4 20. h5 Na5 21. hxg6+ fxg6 22. Nh4 Bb5 23. Rad1 Nb3 24. Qe3 Rc2 25. Nxg6 Rfc8 26. Nh4 Qc6 27. Ng4 Rxb2 28. Nf6+ Nxf6 29. exf6 Bxf6 30. Qxe6 Qxe6 31. Rxe6 Bxd4 32. Re7+ Bg7 33. Be5 1-0

[Event "Bern Ambassador op"]
[Site "Bern"]
[Date "1998.12.30"]
[Round "7"]
[White "Vianin, Pascal"]
[Black "Varga, Peter"]
[Result "0-1"]
[WhiteElo "2190"]
[BlackElo "2445"]
[PlyCount "76"]
[EventDate "1998.12.??"]
[EventType "swiss"]
[EventRounds "7"]
[EventCountry "SUI"]
[SourceTitle "EXT 2000"]
[Source "ChessBase"]
[SourceDate "1999.11.16"]
[SourceVersion "1"]
[SourceVersionDate "1999.11.16"]
[SourceQuality "1"]

1. e4 c5 2. Nf3 Nc6 3. Bb5 e6 4. 0-0 Nge7 5. Re1 a6 6. Bf1 d5 7. exd5 Nxd5 8. d4 Be7 9. dxc5 Bxc5 10. c4 Nf6 11. Qxd8+ Kxd8 12. Nc3 Bd7 13. a3 Nd4 14. Nxd4 Bxd4 15. Be3 Bxc3 16. bxc3 Bc6 17. g3 Nd7 18. Bg2 Re8 19. Bxc6 bxc6 20. a4 a5 21. Red1 Kc7 22. Rd2 Rab8 23. Rad1 Re7 24. Kg2 Rb3 25. f4 Rxc3 26. Bd4 Rxc4 27. Bxg7 f6 28. Bh6 Rxa4 29. f5 exf5 30. Bf4+ Ne5 31. Rd6 Rxf4 32. gxf4 Nc4 33. R6d3 Ne3+ 34. Rxe3 Rxe3 35. Ra1 Kb6 36. Rb1+ Ka6 37. Kf2 Re4 38. Kf3 a4 0-1